Statistics for Highest rated football players in dream league soccer 2017

Click here to take the quiz!

General Stats

  • This quiz has been taken 467 times
  • The average score is 5 of 14

Answer Stats

Answer% Correct
Ronaldo
98%
messi
98%
suarez
68%
bale
65%
de gea
46%
pogba
42%
Ibrahimovic
38%
aguero
38%
pique
25%
de bruyne
21%
t silva
2%
neymar jnr
1%
lewdowski
0%
grizeman
0%

Score Distribution

Percentile by Number Answered

Percent of People with Each Score

Your Score History

You have not taken this quiz